Normal view
MARC view
Entry Topical Term
001 - CONTROL NUMBER
- control field: 37220
003 - CONTROL NUMBER IDENTIFIER
- control field: OSt
005 - DATE AND TIME OF LATEST TRANSACTION
- control field: 20211105135932.0
008 - FIXED-LENGTH DATA ELEMENTS
- fixed length control field: 211105|| aca||aabn | a|a d
040 ## - CATALOGING SOURCE
- Original cataloging agency: OSt
- Transcribing agency: OSt
150 ## - HEADING--TOPICAL TERM
- Topical term or geographic name entry element: Legendre polynomials
670 ## - SOURCE DATA FOUND
- Source citation: Work cat.: (OSt): Comrie, L. J 4636, Mathematical tables pt-vol. A :legendre polynomials, 2016